000 00612nam a22001817a 4500
999 _c62284
_d62284
005 20240916115342.0
008 240916s2017 enk||||| |||| 00| 0 eng d
020 _a9781683730958x
041 _aeng
080 _a159.9:61 B-92
100 _aBuchalter, Susan I.
_923225
245 _a250 Brief, Creative & Practical Art Therapy Techniques /
_cA Guide for Clinicians and Clients.
264 _aMiddetown :
_b‎PESI Publishing & Media,
_c2017.
300 _a204 p.:
_bill.;
_c28 cm.
653 _aარტთერაპიის ტექნიკა
653 _aმედიცინა
942 _2udc
_cBK